File structures : an object-oriented approach with C++ (Record no. 179277)

MARC details
000 -LEADER
fixed length control field 00416nam a2200145Ia 4500
008 - FIXED-LENGTH DATA ELEMENTS--GENERAL INFORMATION
fixed length control field 231217s9999 xx 000 0 und d
020 ## - INTERNATIONAL STANDARD BOOK NUMBER
International Standard Book Number 8178081318
041 ## - LANGUAGE CODE
Language code of text/sound track or separate title English
082 ## - DEWEY DECIMAL CLASSIFICATION NUMBER
Classification number 001.64 FOL;20
100 ## - MAIN ENTRY--PERSONAL NAME
Personal name Folk, Michael J Zoellick, Bill Riccardi, Greg
245 #0 - TITLE STATEMENT
Title File structures : an object-oriented approach with C++
260 ## - PUBLICATION, DISTRIBUTION, ETC.
Date of publication, distribution, etc. 1998
Name of publisher, distributor, etc. Pearson Education
Place of publication, distribution, etc. Delhi
300 ## - PHYSICAL DESCRIPTION
Extent xxiv+724
942 ## - ADDED ENTRY ELEMENTS (KOHA)
Koha item type Books
Holdings
Date last seen Total checkouts Full call number Accession number Price effective from Category Lost status Damaged status Department Withdrawn status Home library Current library Shelving location Entry date Vendor Grants Billdate Currency symbol Conversion rate Discount Old discount
26/01/2024   001.64 FOL;20 45517 26/01/2024 Books     Information Science   Central Library Central Library Central Library 23/08/2007 Publisher IS 29/08/2008 RS 1    
26/01/2024   001.64 FOL;21 45518 26/01/2024 Books     Information Science   Central Library Central Library Central Library 23/08/2007 Publisher IS 29/08/2008 RS 1    

© For any Suggestions or Query, please contact the library staff @ librarian@pes.edu or Phone: +9180 2672 1983/ 2108.